000 00456nam a2200181Ia 4500
001 13716
005 20260306164821.0
008 260306t1998||||xx |||||||||||||| ||spa||
041 _aESP
082 _a005.133C2
_bC42
100 _aCeballos Sierra, Francisco Javier
_eAUT
245 0 _aProgramación orientada a objetos con C++
260 _c1998
300 _a677 pƔginas :
_c23 cm.
650 _aGEN
654 _aCCC
942 _cLIB
_dJUS
_fJUS
_2ddc
_n
999 _c13716
_d13716